একের ভিতরে পাঁচ : (Record no. 78569)
[ view plain ]
| 000 -LEADER | |
|---|---|
| fixed length control field | 00990nam a2200229 a 4500 |
| 001 - CONTROL NUMBER | |
| control field | 78569 |
| 003 - CONTROL NUMBER IDENTIFIER | |
| rucl marc code | BD-RjUL |
| 005 - DATE AND TIME OF LATEST TRANSACTION | |
| control field | 20250914112424.0 |
| 008 - FIXED-LENGTH DATA ELEMENTS--GENERAL INFORMATION | |
| fixed length control field | 211010s1983 bg ||||| |||| 00| 0 ben d |
| 035 ## - SYSTEM CONTROL NUMBER | |
| System control number | (BD-RjUL)78795 |
| 040 ## - CATALOGING SOURCE | |
| Original cataloging agency | BD-RjUL |
| Language of cataloging | ben |
| Transcribing agency | BD-RjUL |
| Modifying agency | BD-RjUL |
| 041 ## - LANGUAGE CODE | |
| Language code of text/sound track or separate title | ben |
| 082 ## - DEWEY DECIMAL CLASSIFICATION NUMBER | |
| Edition number | 23 |
| Classification number | 491.445 |
| Author mark and year | SAA 1983 |
| 100 1# - MAIN ENTRY--PERSONAL NAME | |
| Personal name | সাকলায়েন, গোলাম |
| 9 (RLIN) | 166475 |
| 245 10 - TITLE STATEMENT | |
| Title | একের ভিতরে পাঁচ : |
| Remainder of title | [উদ্দেশ্যমূলক প্রশ্নোত্তর সম্বলিত] / |
| Statement of responsibility, etc. | গোলাম সাকলায়েন |
| 250 ## - EDITION STATEMENT | |
| Edition statement | ১৪ তম পরিবর্ধিত ও পরিমার্জিত সং. |
| 260 ## - PUBLICATION, DISTRIBUTION, ETC. (IMPRINT) | |
| Place of publication, distribution, etc. | ঢাকা : |
| Name of publisher, distributor, etc. | বাংলাদেশ বুক করপোরেশন, |
| Date of publication, distribution, etc. | ১৯৮৩ |
| 300 ## - PHYSICAL DESCRIPTION | |
| Pagination | বিভিন্ন পৃ. ; |
| Size | ২০ সেমি. |
| 650 ## - SUBJECT ADDED ENTRY--TOPICAL TERM | |
| Topical term or geographic name as entry element | বাংলা ব্যাকরণ |
| 9 (RLIN) | 121623 |
| Topical term or geographic name as entry element | Bangali Grammar |
| 9 (RLIN) | 166595 |
| 942 ## - ADDED ENTRY ELEMENTS (KOHA) | |
| Source of classification or shelving scheme | Dewey Decimal Classification |
| Koha item type | Books |
| Lost status | Source of classification or shelving scheme | Damaged status | Not for loan | Collection code | Permanent Location | Current Location | Shelving location | Date acquired | Source of acquisition | Cost, normal purchase price | Total Checkouts | Full call number | Date last seen | Copy number | Koha item type |
|---|---|---|---|---|---|---|---|---|---|---|---|---|---|---|---|
| Dewey Decimal Classification | Not For Loan | Non-fiction | Central Library, University of Rajshahi | Central Library, University of Rajshahi | Reading Room | 29/08/1984 | Rajshahi : Imperial Books | 70.00 | B 491.445 SAA 1983 | 10/10/2021 | C-1 | Books | |||
| Dewey Decimal Classification | Non-fiction | Central Library, University of Rajshahi | Central Library, University of Rajshahi | General Stacks | 29/08/1984 | Imperial Books | 70.00 | B 491.445 SAA 1983 | 14/09/2025 | C-2 | Books |